000 00444nam a2200145Ia 4500
008 150121s9999 xx 000 0 und d
020 _a1908-8809
245 _aSULĂ” :
_bJournal of Student-Faculty Research /
_h[electronic resource]
260 _bCapitol University,
_c2007.
516 _aElectronic text
650 _aEducation.
830 _aPhilippine E-Journals
856 _uhttp://www.ejournals.ph/index.php?journal=SULO
942 _cEJ
999 _c277073
_d277073